000
00322nam a2200145Ia 4500
008
210210b1907 xxu||||| |||| 00| 0 eng d
041
_a
eng
082
_a
822/1118
100
_a
SMILES (S)
245
_a
Thrift
260
_a
London
_b
John Murray
_c
1907
650
_a
Thrift
690
_a
English Prose
906
_a
013301
999
_c
132166
_d
132166